Operations management : (Record no. 456)

MARC details
000 -LEADER
fixed length control field 01035cam a2200301 a 4500
001 - CONTROL NUMBER
control field 12476266
003 - CONTROL NUMBER IDENTIFIER
control field OSt
005 - DATE AND TIME OF LATEST TRANSACTION
control field 20250319120924.0
008 - FIXED-LENGTH DATA ELEMENTS--GENERAL INFORMATION
fixed length control field 010719s2001 enka b 001 0 eng
010 ## - LIBRARY OF CONGRESS CONTROL NUMBER
LC control number 2001270019
015 ## - NATIONAL BIBLIOGRAPHY NUMBER
National bibliography number GBA1-Y2241
020 ## - INTERNATIONAL STANDARD BOOK NUMBER
International Standard Book Number 075064995X
035 ## - SYSTEM CONTROL NUMBER
System control number (OCoLC)ocm46693355
040 ## - CATALOGING SOURCE
Original cataloging agency UKM
Transcribing agency UKM
Modifying agency DLC
042 ## - AUTHENTICATION CODE
Authentication code lccopycat
050 00 - LIBRARY OF CONGRESS CALL NUMBER
Classification number TS155
Item number .O59 2001
082 00 - DEWEY DECIMAL CLASSIFICATION NUMBER
Classification number 658.5
Edition information 21
100 ## - MAIN ENTRY--PERSONAL NAME
Personal name Blackmon, Kate
245 00 - TITLE STATEMENT
Title Operations management :
Remainder of title policy, practice and performance improvement /
Statement of responsibility, etc. Kate Blackmon , Steve Brown ... [et al.]
260 ## - PUBLICATION, DISTRIBUTION, ETC.
Place of publication, distribution, etc. Oxford ;
-- Boston :
Name of publisher, distributor, etc. Butterworth-Heinemann,
Date of publication, distribution, etc. 2001.
300 ## - PHYSICAL DESCRIPTION
Extent 439 p. :
Other physical details ill. ;
Dimensions 25 cm.
504 ## - BIBLIOGRAPHY, ETC. NOTE
Bibliography, etc. note Includes bibliographical references and index.
650 #0 - SUBJECT ADDED ENTRY--TOPICAL TERM
Topical term or geographic name entry element Production management.
9 (RLIN) 1720
700 1# - ADDED ENTRY--PERSONAL NAME
Personal name Brown, Steve,
Dates associated with a name 1957-
9 (RLIN) 4572
856 42 - ELECTRONIC LOCATION AND ACCESS
Materials specified Publisher description
Uniform Resource Identifier <a href="http://www.loc.gov/catdir/description/els031/2001270019.html">http://www.loc.gov/catdir/description/els031/2001270019.html</a>
856 41 - ELECTRONIC LOCATION AND ACCESS
Materials specified Table of contents
Uniform Resource Identifier <a href="http://www.loc.gov/catdir/toc/els031/2001270019.html">http://www.loc.gov/catdir/toc/els031/2001270019.html</a>
942 ## - ADDED ENTRY ELEMENTS (KOHA)
Source of classification or shelving scheme Dewey Decimal Classification
Koha item type Book
Holdings
Withdrawn status Lost status Source of classification or shelving scheme Damaged status Not for loan Home library Current library Date acquired Cost, normal purchase price Total checkouts Full call number Barcode Date last seen Price effective from Koha item type
    Dewey Decimal Classification     KCST Library KCST Library 01/07/2020 15.87   658.5 Op 1000000598 01/07/2020 01/07/2020 Book
© 2025 KCST. All rights reserved